Mind the gap (Record no. 74908)
[ view plain ]
| 000 -LEADER | |
|---|---|
| fixed length control field | 01656cab a2200313 4500 |
| 001 - CONTROL NUMBER | |
| control field | ABS68838 |
| 008 - FIXED-LENGTH DATA ELEMENTS--GENERAL INFORMATION | |
| fixed length control field | 050314n2005 000 0 eng u |
| 035 ## - SYSTEM CONTROL NUMBER | |
| System control number | (Sirsi) u129038 |
| 100 ## - MAIN ENTRY--PERSONAL NAME | |
| Personal name | Herbert, R. |
| 245 ## - TITLE STATEMENT | |
| Title | Mind the gap |
| 260 ## - PUBLICATION, DISTRIBUTION, ETC. | |
| Date of publication, distribution, etc. | 2005 |
| 490 ## - SERIES STATEMENT | |
| Series statement | Solicitors' Journal |
| Volume/sequential designation | 149(7) 18 February 2005, 202-203 (2) |
| 520 ## - SUMMARY, ETC. | |
| Summary, etc. | Examines the potential dangers of the period between the purchase and registration of a commercial property; a gap during which the buyer does not always have full ownership rights and cannot necessarily start his intended active management programme for the building. Considers the various problems and issues that could arise during the registration gap:Landlord and Tenant Act 1954 renewals; the granting of new excluded leases; agreements to surrender, break and enforcement notices; forfeiture and notices of assignment. Concludes that e-conveyancing, when it comes fully into operation, will bridge the registration gap by achieving simultaneous completion and transfer of title. |
| 590 ## - LOCAL NOTE (RLIN) | |
| Local note | ABS |
| 650 ## - SUBJECT ADDED ENTRY--TOPICAL TERM | |
| Topical term or geographic name entry element | SMITH V EXPRESS DAIRY |
| 650 ## - SUBJECT ADDED ENTRY--TOPICAL TERM | |
| Topical term or geographic name entry element | SCRIBES WEST V RELSA ANSTALT AND OTHERS |
| 650 ## - SUBJECT ADDED ENTRY--TOPICAL TERM | |
| Topical term or geographic name entry element | BROWN AND ROOT TECHNOLOGY LTD AND ANOTHER V SUN ALLIANCE AND LONDON ASSURANCE CO LTD |
| 650 ## - SUBJECT ADDED ENTRY--TOPICAL TERM | |
| Topical term or geographic name entry element | EAST LINDSEY DC V THOMPSON |
| 650 ## - SUBJECT ADDED ENTRY--TOPICAL TERM | |
| Topical term or geographic name entry element | SCHALIT V NADLER |
| 650 ## - SUBJECT ADDED ENTRY--TOPICAL TERM | |
| Topical term or geographic name entry element | SECTION 25 NOTICES |
| 650 ## - SUBJECT ADDED ENTRY--TOPICAL TERM | |
| Topical term or geographic name entry element | LAND REGISTRATION ACT 2002 S27(1) |
| 650 ## - SUBJECT ADDED ENTRY--TOPICAL TERM | |
| Topical term or geographic name entry element | LANDLORD AND TENANT ACT 1954 S38A |
| 650 ## - SUBJECT ADDED ENTRY--TOPICAL TERM | |
| Topical term or geographic name entry element | LAW OF PROPERTY ACT 1925 S141(2) |
| 650 ## - SUBJECT ADDED ENTRY--TOPICAL TERM | |
| Topical term or geographic name entry element | FORFEITURE |
| 650 ## - SUBJECT ADDED ENTRY--TOPICAL TERM | |
| Topical term or geographic name entry element | ENFORCEMENT NOTICES |
| 650 ## - SUBJECT ADDED ENTRY--TOPICAL TERM | |
| Topical term or geographic name entry element | BREAK NOTICES |
| 690 ## - LOCAL SUBJECT ADDED ENTRY--TOPICAL TERM (OCLC, RLIN) | |
| Topical term or geographic name as entry element | LANDLORD AND TENANT-BUSINESS TENANCIES |
| 942 ## - ADDED ENTRY ELEMENTS (KOHA) | |
| Suppress in OPAC | 0 |
| Withdrawn status | Lost status | Source of classification or shelving scheme | Damaged status | Not for loan | Home library | Current library | Shelving location | Date acquired | Total Checkouts | Full call number | Barcode | Date last seen | Copy number | Price effective from | Koha item type |
|---|---|---|---|---|---|---|---|---|---|---|---|---|---|---|---|
| Dewey Decimal Classification | London | London | Journal article | 14/03/2005 | ABS68838 | 129038-1001 | 06/08/2019 | 1 | 06/08/2019 | Journal article |